000 00315nam a2200109Ia 4500
008 171211s9999 xx 000 0 und d
245 _aWild Religion: Tracking the Sacred in South Africa
245 _cDavid Chidester
260 _c2012
650 _xRELIGION
856 _uhttp://down.ebook777.com/063/0520273079.pdf
999 _c350571
_d350571